000 00249nam a22001217a 4500
041 _aENG
100 _aPantastico .B
245 _aPost Harvest Physiology
260 _aDelhi
_bICER
_c1996
300 _a100
650 _aAPE
856 _uAPE ( 10 )
999 _c1794
_d1794